| 000 | 00668nam a2200193 a 4500 | ||
|---|---|---|---|
| 005 | 20240608063649.0 | ||
| 008 | 991125s1898 es 000 0 spa u | ||
| 035 | _aUPN01000034040 | ||
| 049 | _aLT | ||
| 050 | 4 |
_aLB1577 M6 _bB7.4b LM |
|
| 100 | 1 |
_aBruño, G. M. _930581 |
|
| 245 | 1 | 0 |
_aLecciones de lengua castellana : _b1er. año, ó, Curso elemental : libro del maestro / _cpor G. M. Bruño. |
| 260 |
_aMadrid : _bG. M. Bruño, _c1898. |
||
| 300 | _a80 p. | ||
| 650 | 4 |
_aEspañol _xEstudio y enseñanza (Elemental) _92806 |
|
| 650 | 4 |
_aEspañol _xGramática _xEstudio y enseñanza (Elemental) _913348 |
|
| 740 | 0 | _aCurso elemental : libro del maestro | |
| 905 | _aLibro | ||
| 999 |
_c34040 _d34040 |
||